[Event "CAN-ch U12"]
[Site "Ottawa"]
[Date "2013.07.12"]
[Round "6"]
[White "Fleurimond Rancy, Jonathan"]
[Black "Belec, Stephane"]
[Result "1/2-1/2"]
[WhiteElo "1039"]
[BlackElo "518"]
[PlyCount "121"]
[EventDate "2013.07.10"]
[EventType "swiss"]
[EventRounds "6"]
[EventCountry "CAN"]
[SourceTitle "EXT 2022"]
[Source "ChessBase"]
[SourceDate "2021.10.06"]
[SourceVersion "1"]
[SourceVersionDate "2021.10.06"]
[SourceQuality "1"]

1. d3 e5 2. e4 Nf6 3. Be3 b6 4. d4 exd4 5. Bxd4 Bc5 6. Ne2 Bxd4 7. Nxd4 Nxe4 8. Qf3 Bb7 9. Bc4 Nd6 10. Qe3+ Qe7 11. Qe2 Bxg2 12. Rg1 Bb7 13. Kd1 Nc6 14. Rxg7 Nxd4 15. Qe3 Qxe3 16. fxe3 Nxc4 17. exd4 Nxb2+ 18. Kc1 Kf8 19. Rg1 Rg8 20. Re1 Re8 21. Rf1 Ba6 22. Rh1 Nc4 23. Nc3 Na3 24. Nd5 Re6 25. Nxc7 Rd6 26. Nxa6 Rxd4 27. Kb2 Ra4 28. Nc7 Rg2 29. Rhe1 Rxh2 30. Re8+ Kg7 31. Rg1+ Kf6 32. Nd5+ Kf5 33. Re3 Rf4 34. Ne7+ Kf6 35. Kxa3 Rh5 36. Rg8 Re5 37. Reg3 Rxe7 38. R3g4 Ree4 39. R4g7 b5 40. Kb3 b4 41. Ka4 b3+ 42. Kxb3 Re3+ 43. Kb2 Rb4+ 44. Kc1 Re1+ 45. Kd2 Rbe4 46. Rxh7 R4e3 47. Rh6+ Ke7 48. Rg7 R3e2+ 49. Kd3 Rf2 50. Rg3 Rd1+ 51. Kc3 Rdd2 52. Re3+ Kf8 53. Rh8+ Kg7 54. Rhh3 Rxc2+ 55. Kd3 Rcd2+ 56. Kc3 Rxa2 57. Rhg3+ Kf8 58. Rg5 a5 59. Rh5 f6 60. Rh8+ Kg7 61. Ra8 1/2-1/2